Modern cost engineering : methods and data /
Guardado en:
| Otros Autores: | |
|---|---|
| Formato: | Libro |
| Idioma: | English |
| Publicado: |
New York :
Chemical Engineering, McGraw-Hill,
c1979-c1984.
|
| Materias: | |
| Etiquetas: |
Agregar Etiqueta
Sin Etiquetas, Sea el primero en etiquetar este registro!
|
| LEADER | 01109cam a22002535a 4500 | ||
|---|---|---|---|
| 001 | EIQ.libpla001615 | ||
| 008 | 781016r19791969nyua#####b####001#0#eng#d | ||
| 005 | 20061117164236.0 | ||
| 245 | 0 | 0 | |a Modern cost engineering : |b methods and data / |c compiled and edited by Chemical engineering. |
| 260 | |a New York : |b Chemical Engineering, McGraw-Hill, |c c1979-c1984. | ||
| 300 | |a 2 v. : |b il. ; |c 29 cm. | ||
| 500 | |a colección de los artículos que fueron publicados originalmente en la Chemical engineering 1969-1983. | ||
| 500 | |a Vol. 2 editado por Jay Matley y el staff of Chemical engineering. | ||
| 504 | |a Incluye referencias bibliográficas e índice. | ||
| 020 | |a 0070107335 (v. 1) | ||
| 020 | |a 0070999074 (pbk. : v. 1) | ||
| 700 | 1 | |a Matley, Jay., |e ed. |4 edt | |
| 082 | 0 | 0 | |a 658.1/55 |
| 650 | 0 | |a Ingeniería química |x Costos. | |
| 650 | 0 | |a Chemical engineering |x Costs. | |
| 010 | |a 78023937 | ||
| 040 | |a DLC |c DLC |d DLC |d OCoLC |d AR-BbSID | ||
| 859 | |a AR-BbSID |b BIB. PLAPIQUI |h 660.28 |i M 72 |p 1774 |t Ej. 1 |v Vol. 1 Ej. 1 |3 Vol. 1 | ||
| 859 | |a AR-BbSID |b BIB. PLAPIQUI |h 660.28 |i M 72 |p 2063 |t Ej. 2 |v Vol. 1 Ej. 2 |3 Vol. 1 | ||
